Films avec Catherine Lachens (par image) - Statistiques

Statistiques générales
  • Ce quiz a été pris 5 fois
  • Le résultat moyen est 6 sur 16
Statistiques - réponses
Par images Réponse % Correct
Flic ou voyou
80%
Je suis timide mais je me soigne
80%
Gazon maudit
60%
Ils sont fous ces sorciers
60%
Flic story
40%
La Gueule de l'autre
40%
Le Gang
40%
Le Toubib
40%
L'Incorrigible
40%
Violette et François
40%
Bête, mais discipliné
20%
Je te tiens, tu me tiens par la barbichette
20%
La Bulle
20%
La vie dissolue de Gérard Floque
20%
Les Bidochon
20%
T'es folle ou quoi ?
20%
Aucun quiz correspondant
Distribution des résultats
% des personnes avec chaque résultat
Percentile par nombre de réponses
Votre historique - résultats
Vous n’avez pas pris ce quiz